Endüstriyel demokrasi (Record no. 6807)

MARC details
000 -BAŞLIK
Sabit Uzunlukta Kontrol Alanı 00826na a2200277 4500
001 - KONTROL NUMARASI
Denetim Alanı 19782
003 - KONTROL NUMARASI IDENTIFIER
Denetim Alanı MIRAKIL
005 - SON İŞLEM TARİHİ VE ZAMANI
Denetim Alanı 20181213155120.0
008 - SABİT-BOY VERİ ELEMANLARI - GENEL BİLGİLER
Sabit Uzunlukta Kontrol Alanı 161227b tu 000 0
020 ## - ULUSLARARASI STANDART KİTAP NUMARASI
Uluslararası Standart Kitap Numarası 9756760125
040 ## - KATALOGLAMA KAYNAK
Orijinal Kataloglama Ajansı Milas
Kataloglama Dili tur
Metne Dönüştürmek Ajansı TR-AnCHP
041 ## - DİL KODU
Metin / Ses Parça Veya Ayrı Başlığın Dil Kodu tur
082 ## - DEWEY ONLU SINIFLANDIRMA NUMARASI
Sınıflandırma Numarası 331.0112
Ürün Numarası Ü57 2002
090 ## - SINIFLAMA NUMARASI
Sınıflama Numarası 331.0112 Ü57 2002
100 ## - ANA GİRİŞ - KİŞİSEL İSİM
Kişisel Ad Ünsal, Engin
245 ## - BAŞLIK TABLOSU
Başlık Endüstriyel demokrasi
Sorumluluk Tablosu, Vb Engin Ünsal
260 ## - YAYIN, DAĞITIM, VB
Yayın, Dağıtım, Vb Yeri İstanbul
Yayıncı, Dağıtıcı, Vs Adı Maltepe Üniversitesi Yayınları
Yayın, Dağıtım, Vb Tarihi Engin Ünsal
300 ## - FİZİKSEL TANIM
Kapsam 123 s.
Boyutlar 24 sm.
440 ## - SERİSİ TABLOSU / KATMA GİRİŞİ - BAŞLIK
Başlık T.C. Maltepe Üniversitesi Yayınları
Hacim / Ardışık Tanımı 13
490 ## - SERİSİ TABLOSU
Seri Beyanı Hukuk Fakültesi Yayınları
Hacim / Ardışık Tanımı 4
500 ## - GENEL NOT
Genel Not Kaynakça var.
650 ## - KONU KATMA GİRİŞ - TOPİKAL DÖNEM
Topikal Süreli Veya Coğrafi Ad Giriş Elemanı Türkiye
Genel Alt Bölümü Yönetime katılma
650 ## - KONU KATMA GİRİŞ - TOPİKAL DÖNEM
Topikal Süreli Veya Coğrafi Ad Giriş Elemanı Endüstriyel demokrasi
Genel Alt Bölümü Tarih
650 ## - KONU KATMA GİRİŞ - TOPİKAL DÖNEM
Topikal Süreli Veya Coğrafi Ad Giriş Elemanı Endüstriyel demokrasi
Genel Alt Bölümü Sosyal diyalog
942 ## - EKLENDİ GİRİŞ ELEMANLARI (KOHA)
Sınıflandırma Veya Raf Düzeni Kaynak Dewey Decimal Classification
Koha Öğesi Türü Books
999 ## - SİSTEM KONTROL NUMARALARI (KOHA)
Koha Biblionumber 6807
Koha Biblioitemnumber 6807
Holdings
Kalıcı Konum Mevcut Konum Edinme Tarihi Edinim Kaynak Toplam Check-Out'Lar Tam Çağrı Numarası Barkod Tarih Son Görülme İtibaren Geçerli Fiyatlar Koha Öğesi Türü
CHP Kütüphanesi CHP Kütüphanesi 12/27/2016 Bağış   331.0112 Ü57 2002 010840 12/27/2016 12/27/2016 Books